|
|
|
|
| LEADER |
00000nam a22000007a 4500 |
| 005 |
20171121173959.0 |
| 007 |
cr|||| |||| |
| 008 |
171121s2007 mx |||||s|||| 00||0 spa d |
| 020 |
|
|
|a 978-607-401-053-4
|
| 035 |
|
|
|a 20824
|
| 040 |
|
|
|a vLex
|
| 090 |
|
|
|c 7210
|d 7210
|
| 100 |
1 |
|
|a Correa, Eugenia
|
| 245 |
1 |
0 |
|a Economa̕ Polt̕ica del Mx̌ico Contemporǹeo
|h [Recurso electrn̤ico]:
|b Homenaje a Ifigenia Martn̕ez /
|c Eugenia Correa; Alicia Girn̤
|
| 256 |
|
|
|a Servicio en ln̕ea
|
| 260 |
|
|
|a Ciudad de Mx̌ico:
|b Cm̀ara de Diputados,
|c 2007
|
| 300 |
|
|
|a 1 recurso electrn̤ico
|
| 506 |
1 |
|
|a Disponible solo en los productos indicados
|d vLex Global
|d vLex Global (Academic Edition, excluding Law Schools)
|d vLex Global (U.S. Academic Edition, Law Schools)
|d vLex Global (U.S. Academic Edition, excluding Law Schools)
|d vLex Global (Academic Edition, Law Schools)
|
| 650 |
0 |
4 |
|a Economa̕ y negocios
|z Mx̌ico
|
| 650 |
0 |
4 |
|a Ciencias sociales
|z Mx̌ico
|
| 700 |
1 |
|
|a Girn̤, Alicia
|
| 740 |
0 |
|
|a vLex Libros (Servicio en ln̕ea)
|
| 856 |
4 |
0 |
|u http://vlex.com/source/economia-politica-mexico-contemporaneo-20824
|z Acceso restringido
|
| 942 |
|
|
|c BOOK
|
| 999 |
0 |
|
|a Economics
|
| 999 |
0 |
|
|a Business
|
| 999 |
0 |
|
|a Social sciences
|